Statistics for Country Boggle (ThirdParty's #2)

Click here to take the quiz!

General Stats

  • This quiz has been taken 1,463 times
  • The average score is 12 of 29

Answer Stats

Countries% Correct
Japan
91%
Yemen
73%
Cuba
72%
Niger
62%
Bulgaria
60%
Oman
60%
Germany
53%
Laos
53%
Algeria
51%
Norway
50%
Panama
49%
Poland
47%
Iran
46%
Peru
44%
Romania
40%
Canada
39%
Armenia
38%
Ireland
34%
Paraguay
33%
Burma
32%
Senegal
31%
Samoa
29%
Rwanda
23%
Guinea
21%
Guyana
20%
Nepal
18%
Uganda
17%
Grenada
15%
Suriname
12%

Score Distribution

Percentile by Number Answered

Percent of People with Each Score

Your Score History

You have not taken this quiz